|
|
|
|
| LEADER |
01313naa a2200241 i 4500 |
| 001 |
acta53860 |
| 005 |
20230613153916.0 |
| 008 |
180329s2007 hu o 1|| hun d |
| 020 |
|
|
|a 963 482 366 1
|
| 040 |
|
|
|a SZTE Egyetemi Kiadványok Repozitórium
|b hun
|
| 041 |
|
|
|a hun
|
| 245 |
0 |
2 |
|a A nyelvtörténeti kutatások újabb eredményei V.
|h [elektronikus dokumentum] :
|b 2007. április 26-27.
|
| 260 |
|
|
|a Szegedi Tudományegyetem Magyar Nyelvészeti Tanszék
|b Szeged
|c 2007
|
| 300 |
|
|
|a 253
|
| 490 |
0 |
|
|a A nyelvtörténeti kutatások újabb eredményei
|v 5
|
| 650 |
|
4 |
|a Bölcsészettudományok
|
| 650 |
|
4 |
|a Nyelvek és irodalom
|
| 695 |
|
|
|a Magyar nyelv - mondattan - történeti - tanulmányok, Finnugor nyelvek - mondattan - történeti - tanulmányok, Magyar nyelv - alaktan - történeti - tanulmányok, Finnugor nyelvek - alaktan - történeti - tanulmányok, Magyar nyelv - szemantika - történeti - tanulmányok, Finnugor nyelvek - szemantika - történeti - tanulmányok, Nyelvtörténet - magyar - tanulmányok
|
| 700 |
0 |
1 |
|a Büky László
|
| 700 |
0 |
1 |
|a Forgács Tamás
|
| 700 |
0 |
1 |
|a Sinkovics Balázs
|
| 711 |
|
|
|a A nyelvtörténeti kutatások újabb eredményei (5.)
|c Szeged, Magyarország
|d 2007. április 26-27.
|
| 856 |
4 |
0 |
|u http://acta.bibl.u-szeged.hu/53860/1/nyelvtort_005.pdf
|z Dokumentum-elérés
|